La sentencia indeterminada: el sistema de penas determinadas a posteriori

Αποθηκεύτηκε σε:
Λεπτομέρειες βιβλιογραφικής εγγραφής
Κύριος συγγραφέας: Jiménez de Asúa, Luis (Συγγραφέας)
Μορφή: Βιβλίο
Γλώσσα:Ισπανικά
Έκδοση: Madrid Marcial Pons 2013
Θέματα:
Ετικέτες: Προσθήκη ετικέτας
Δεν υπάρχουν, Καταχωρήστε ετικέτα πρώτοι!

MARC

LEADER 00000cam a2200000 a 4500
001 UCF9510
003 CL-VaPUC
008 131125e20130000sp |||||||||||||||||spa|d
020 |a 9788415664352 
082 0 4 |a 345.077  |b JIM  |2 21 
100 |a Jiménez de Asúa, Luis  |e author  |9 383442 
245 1 3 |a La sentencia indeterminada: el sistema de penas determinadas a posteriori 
300 |a 296 p 
942 |c BK 
945 |d 20131125 03:22:00  |a dcastane 
260 |a Madrid  |b Marcial Pons  |c 2013 
650 7 |a SENTENCIA INDETERMINADA  |2 CL-VaPUC  |9 256363 
583 |a last modification  |c 20131125 03:22:00  |k Rodrigo Vera 
999 |c 353953  |d 353951 
952 |0 0  |1 0  |3 erb  |4 0  |6 345_077000000000000_JIM_2013  |7 0  |8 A  |9 459563  |a BIBDER  |b BIBDER  |i 5031176  |o 345.077 JIM 2013  |p 5031176  |r 2023-01-25  |w 2019-11-23  |y BK  |z Catalogado en:20131125  |k DER